00631nam a2200157 i 450000100060000000300090000600500170001500700030003200800410003510000350007624500380011126000360014930000280018550502380021385200220045122056ES-MaACL20260303063011.0t|021129s1878 it ||||1| ita d1 aAlfieri, Vittorio, d1749-180310aTragedie / cdi Vittorio Alfieri. aMilano : bE. Sonsogno, c1878. a2 t. en 1 v. ; c18 cm.8 aContiene: V. I: Filippo. Polinice. Antigone. Virginia. Agamemmone. Oreste. Rosemunda. Ottavia. Timoleone. -- V. II: Merope. María Stuarda. La Congiura de Pazzi. Don Garzia. Saul. Agide. Sofonisba. Bruto Primo. Mirra. Bruto Secondo. aES-MaACLjG-10398